000 00852nam a22002297a 4500
003 0
005 20250129104020.0
008 150928b xxu||||| |||| 00| 0 eng d
050 _aPGS QK 731
_b.M939 2015
100 _aMozo, Gabriel Koei.
245 _aEffect of compost on the germination rate and growth of Brassica rapa and Solanum lycopersicum /
_cKoei Gabriel Mozo.
260 _aLas PiƱas City, Philippines :
_bSouthville International School and Colleges,
_c2015.
300 _a31 p. :
_bill. ;
_c28 cm.
504 _aIncludes bibliographical references.
650 _2Library of Congress Subject Headings
_aGermination
650 _aBrassica rapa
_vGrowth.
650 _aSolanum lycopersicum
_vGrowth.
650 _aCompost
_vEffectiveness.
650 _aPlant propagation
_vResearch.
650 _aSoil amendments.
942 _2lcc
_cPASS
999 _c288757
_d288757